000
00217 a2200097 4500
001
32715
100
_a
LAW, Nuthing, A
245
_a
Lawrence of Arabia
260
_a
London
_b
Hollis & Carter
_c
090
_c
21914
_d
21914
942
_a
NUST-CAE
_c
M
_c
13241
999
_c
267788
_d
267788